00738nam a2200181 a 4500003000200000005001700002008004100019050002800060100003500088245008100123260009300204300004600297504004100343650003500384650005000419650005000469650003700519020250305154143.0090706s19uu xx uuu eng d aPGS LB 1065b.R696 2009 aRodriguez, Princess Vanessa A. aStress management and academic performance /cPrincess Vanessa A. Rodriguez. aLas Piñas City, Philippines : bSouthville International School and Colleges, c2009. a32 pages : billustrations ; c28 cm.  aIncludes bibliographical references. aStress management in children. aAcademic achievementvPsychological aspects.  aStudy habitsvEffect on academic performance. aStress (Psychology) in students.